| 000 | 00782nam a2200265Ia 4500 | ||
|---|---|---|---|
| 003 | OSt | ||
| 005 | 20220918163307.0 | ||
| 006 | a|||||r|||| 00| 0 | ||
| 007 | ta | ||
| 008 | 220917b |||||||| |||| 00| 0 eng d | ||
| 020 | _a0 521 26622 X | ||
| 024 | _a31,716 | ||
| 037 | _cTextual | ||
| 040 |
_aARTS _cARTS _beng |
||
| 041 |
_2eng _aeng |
||
| 082 | _aO111,6M85x, M7 | ||
| 100 |
_aLawrence D H _912518 |
||
| 245 | 0 | _aReflections on the death of a porcupine and other essays ed by Micheal Herbert | |
| 260 |
_aCambridge _bCUP _c1988 |
||
| 300 |
_a492p. _ccm. |
||
| 490 | _aCambridge edition onf the letters and works of D H Lawrence | ||
| 650 | _aENGLISH LITERATURE | ||
| 942 |
_hO111,6M85x, M7 _cTEXL _2CC |
||
| 999 |
_c118953 _d118953 |
||